Caravans (Record no. 238324)

MARC details
000 -LEADER
fixed length control field 00430nam a2200193Ia 4500
003 - CONTROL NUMBER IDENTIFIER
control field OSt
005 - DATE AND TIME OF LATEST TRANSACTION
control field 20260220154851.0
008 - FIXED-LENGTH DATA ELEMENTS--GENERAL INFORMATION
fixed length control field 250729s1986 xx 000 0 und d
040 ## - CATALOGING SOURCE
Transcribing agency AL
041 ## - LANGUAGE CODE
Language code of text/sound track or separate title eng
082 ## - DEWEY DECIMAL CLASSIFICATION NUMBER
Classification number 420 DURC
100 ## - MAIN ENTRY--PERSONAL NAME
Personal name Durr William K
9 (RLIN) 229415
245 ## - TITLE STATEMENT
Title Caravans
260 ## - PUBLICATION, DISTRIBUTION, ETC.
Place of publication, distribution, etc. Atlanta
Date of publication, distribution, etc. 1986
300 ## - PHYSICAL DESCRIPTION
Extent 384p
650 ## - SUBJECT ADDED ENTRY--TOPICAL TERM
Topical term or geographic name entry element English
9 (RLIN) 229416
700 ## - ADDED ENTRY--PERSONAL NAME
Personal name Rao Digumurthi
9 (RLIN) 229417
942 ## - ADDED ENTRY ELEMENTS (KOHA)
Source of classification or shelving scheme Dewey Decimal Classification
Koha item type School of Education
Holdings
Withdrawn status Lost status Damaged status Not for loan Home library Current library Date acquired Source of acquisition Total Checkouts Full call number Barcode Date last seen Date last checked out Price effective from Koha item type
        St Aloysius Library St Aloysius Law Library 07/29/2025 Management Books 1 420 DURC BED03643 12/08/2025 11/26/2025 07/29/2025 Book